000 02019nam a2200349 c 4500
999 _c28939
_d28939
003 BLK
005 20250728104800.0
008 180407b bul|||||r ||||||| ||bul||
010 _aKNG00031543000
020 _a954-657-291-8
040 _aBLK
041 _aBUL
_cBUL
080 _aБългарска литература
_b821.163.2
_x-32
_z821.163.2-32
100 _aЙовков, Йордан Стефанов
_d1880-1937
_gПисател класик - белетрист, драматург, майстор на късия разказ
_9363298
139 _aЙовков, Йордан Стефанов
_bИ 77
245 1 0 _aРазкази
_cЙордан Стефанов Йовков; състав. Любомир Кирилов Русанов.
257 _aBGR
260 _bПАН
_c2002
_fСофия : Балкан прес
300 _a367 с.
_c20 см
380 _aX
490 _aПоредица Книги за ученика
_9202156
500 _aСъстав. М. Костова-Панайотова е известна като Магдалена Костова. - Съдържа и Свят на бялото мълчание ; Човекът и неговият свят в творчеството на Йовков ; Човекът и трудът в разказите на Йовков ;Проблемът за прекрасното в разказите на Йовков ; Проблемни въпроси ; Българската критика за Йовков ; Животопис ; Публикации приживе на твореца - Магдалена Костова-Панайотова. - Доп. тир. 2005.
653 _aразкази
700 1 _aРусанов, Любомир Кирилов
_9117434
852 _aЦб 203857
856 4 _qpdf
856 4 _qpdf
942 _cKNG
_n0
_0219
_s1
944 _aCR
_c15.01.2003
_lАнна Гръцманова
_k30564
944 _aED
_c15.01.2018
_lф /
_kЛюдмила_Стоянова
999 _d28939